000 00807nam a2200289 4500
001 420122
003 DO-SdBNP
005 20180124091338.0
007 420122
008 921127s1981 sp spa d
016 7 _a
_z
_2BPMSU
017 _a
_b
020 _a8424677234
035 _a
040 _aBPMSU
_bspa
_cBPMSU
080 4 _a
100 1 _aLang, Othmar Franz
245 1 0 _aTodavía hay fantasmas /
_h
_cOthmar Franz Lang ; ilustraciones Traudl i Walter Reiner ; versión castellana, traducida Juan Godó Costa
260 _aBarcelona :
_bLa Galera,
_c1981
300 _a188 p.:
_bil.:
_c21 cm
500 4 _a
700 1 1 _aReiner, Traudl
_eil.
700 1 1 _aGodó Costa, Juan
_etr.
942 _2ddc
_cBK
945 _aInventariado, 2018 / YL
956 _aVMATEO
_b10
_cBPMSU
999 _c9636
_d9636